000 00500nam a2200193Ia 4500
005 20250508151507.0
008 008 250505s9999 xx 000 0 hin d
037 _aTextual
040 _aFEDL
_beng
_cFEDL
041 _ahin
_2eng
084 _a901, ANA
_qFEDL
100 _aMulkraj Anand
_9637816
245 0 _aInsan ki kahani
260 _aDelhi, India
_bRaj Kamal Prakashan
_c1956
300 _a178p
365 _aINR
_b3
942 _cTEXL
_h901, ANA
999 _c1330168
_d1330168